000 00405nam a2200157Ia 4500
008 230711s9999||||xx |||||||||||||| ||und||
041 _aENG
082 _a5
_bVO-C
100 _aVoisinet,Donald D
245 0 _aComputer aided drafting and design
250 _a1st Ed.
260 _c1987
_aNew Delhi
_bTata McGraw Hill Education Limited
300 _a382
650 _aMechanical Engineering
942 _cBK
999 _c3290
_d3290